000 00297nam a22001337a 4500
008 170915b xxu||||| |||| 00| 0 eng d
020 _a9780865591943
041 _aeng
080 _a7
100 _a44
101 _aART
245 _aVANGOGH GAUGHIN THE STUDIO
_cHUDSON/TH
942 _2udc
_cBK
999 _c27823
_d27823